书目信息 |
| 题名: |
室内设计师专业实践手册
|
|
| 作者: | 郑成标 编著 | |
| 分册: | ||
| 出版信息: | 北京 中国计划出版社 2005.05 |
|
| 页数: | 153页 | |
| 开本: | 29cm | |
| 丛书名: | ||
| 单 册: | ||
| 中图分类: | TU238-62 | |
| 科图分类: | ||
| 主题词: | 室内设计--图集 , 室内设计--手册 | |
| 电子资源: | ||
| ISBN: | 7-80177-431-0 | |
| 000 | 01127nam0 2200265 450 | |
| 001 | 010263286421 | |
| 005 | 20050922160746.18 | |
| 010 | @a7-80177-431-0@dCNY98.00 | |
| 100 | @a20050726d2005 km y0chiy0120 ea | |
| 101 | 0 | @achi |
| 102 | @aCN@b110000 | |
| 105 | @aa a 000yy | |
| 200 | 1 | @a室内设计师专业实践手册@Ashi nei she ji shi zhuan ye shi jian shou ce@d= Interior designer's professional practice manual@f郑成标编著@Fzheng cheng biao bian zhu@zeng |
| 210 | @a北京@c中国计划出版社@d2005.05 | |
| 215 | @a153页@c图 (部分彩图)@d29cm | |
| 320 | @a有书目。 | |
| 330 | @a本书以室内设计工作的工作流程为主线:“对创作空间的测量→对设计要求的理解及反馈→设计方案与构思→设计师讲述方案的技巧→设计扩充的准备工作与步骤→设计图纸的技术要求→最终设计成果的提高。”本手册详尽阐述了设计师完成一个优秀作品的全过程。 | |
| 333 | @a室内设计专业人员,相关专业院校师生 | |
| 510 | 1 | @aInterior designer's professional practice manual@zeng |
| 606 | 0 | @a室内设计@j图集 |
| 606 | 0 | @a室内设计@j手册 |
| 690 | @aTU238-62@v4 | |
| 701 | 0 | @a郑成标@Azheng cheng biao@4编著 |
| 801 | 0 | @aCN@bQSSK@c20050922 |
| 905 | @a10447@dTU238-62@eZ425 | |
| 室内设计师专业实践手册= Interior designer's professional practice manual/郑成标编著.-北京:中国计划出版社,2005.05 |
| 153页:图 (部分彩图);29cm |
| 使用对象:室内设计专业人员,相关专业院校师生 |
| ISBN 7-80177-431-0:CNY98.00 |
| 本书以室内设计工作的工作流程为主线:“对创作空间的测量→对设计要求的理解及反馈→设计方案与构思→设计师讲述方案的技巧→设计扩充的准备工作与步骤→设计图纸的技术要求→最终设计成果的提高。”本手册详尽阐述了设计师完成一个优秀作品的全过程。 |
| ● |
| 相关链接 |
|
|
|
正题名:室内设计师专业实践手册
索取号:TU238-62/Z425
 
预约/预借
| 序号 | 登录号 | 条形码 | 馆藏地/架位号 | 状态 | 备注 |
| 1 | 525945 | 205259450 | 建筑库101/101建筑库 53排7列1层/ [索取号:TU238-62/Z425] | 在馆 |